| 000 | 00656nam a22001695i 4500 | ||
|---|---|---|---|
| 001 | 167950 | ||
| 003 | ES-MaACL | ||
| 005 | 20230906213632.0 | ||
| 008 | 051003s1886 gw | |||||||| ||ger d | ||
| 040 |
_aCAM _bspa _cCAM |
||
| 100 | 1 |
_aWinternitz, Wilhelm. _9133945 |
|
| 245 | 1 | 0 |
_aÜber Wenig Beachtete Wirkungen der Hydriatischen Antipyrese / _cvon Wilh. Winternitz. |
| 260 |
_aWiesbaden : _bJ.F. Bergmann, _c1886. |
||
| 300 |
_a18 p. ; _c24 cm. |
||
| 500 | _aSeparatabdruck aus den "Verhandlungen des V. Congresses für Innere Medicin. 1886." | ||
| 852 |
_aES-MaACL _jT-1351-F-4 _z-- Enc. hol. conservando la cub. original _z-- Enc. en un vol. facticio |
||
| 999 |
_c167950 _d167950 |
||